000 00439nam a22001577a 4500
005 20241106141952.0
008 241106b |||||||| |||| 00| 0 eng d
020 _a9780735700093
050 _aQA76.3
_b.T468
245 _aTest Prep MCSE/
_bWindows NT Server 4 Enterprise
250 _a2nd Ed.
260 _aIndianapolis, Indiana
_bNew Riders
_c1999
300 _axvii.492p.
_c24.5cm
500 _aIncludes index
942 _2lcc
_cBK
_e2nd Ed.
_n0
999 _c710
_d710